000 00701nam a22002057a 4500
999 _c8363
_d8363
003 AR-CdUCM
008 190325b ||||| |||| 00| 0 spa d
040 _aMUNICIPALIDAD PROVINCIAL DEL CUSCO
_cBIBLIOTECA MUNICIPAL DEL CUSCO
082 _a320.9274 /
_bE19O
100 _aOchoa, Guillermo
_923482
245 _aReportaje en Chile /
260 _aMéxico, D.F :
_bCentro de Información Política,
_c1972.
300 _a204 páginas ;
_bIlustraciones en color,
_c17 cm.
505 _aContenido : Reportaje -- Hechos y fechas -- Imágenes -- Documentos
650 _aReportajes
_92481
650 _aRelaciones exteriores
_94428
650 _aPolítica
_9291
942 _2ddc
_cLIBROS
945 _admma